The nation in history : historiographical debates about ethnicity and nationalism
Αποθηκεύτηκε σε:
| Κύριος συγγραφέας: | |
|---|---|
| Μορφή: | Βιβλίο |
| Γλώσσα: | English |
| Δημοσίευση: |
Cambridge :
Polity Press,
2000
|
| Θέματα: | |
| Ετικέτες: |
Προσθήκη ετικέτας
Δεν υπάρχουν, Καταχωρήστε ετικέτα πρώτοι!
|
MARC
| LEADER | 00000nam a2200000 i 4500 | ||
|---|---|---|---|
| 001 | 1/78016 | ||
| 008 | 080320s2000 eng d | ||
| 020 | |a 0-7456-2580-0 | ||
| 035 | |l 10095633 | ||
| 040 | |a GR-MY-UA |b gre |e aacr | ||
| 041 | 0 | |a eng | |
| 082 | 0 | |a 320.54 |2 (22) | |
| 100 | 1 | |a Smith, Anthony D. | |
| 245 | 1 | 4 | |a The nation in history : |b historiographical debates about ethnicity and nationalism / |c Anthony D. Smith |
| 260 | |a Cambridge : |b Polity Press, |c 2000 | ||
| 300 | |a 106 σ.; |c 22 εκ. | ||
| 504 | |a Βιβλιογραφία: σ. [89]-100 | ||
| 504 | |a Ευρετήριο: σ. [101]-106 | ||
| 650 | 0 | 0 | |a Nationalism |x History. |
| 650 | 0 | 0 | |a Ethnicity |x Historiography. |
| 852 | |a INST |b LESVOS |e 20080320 |h 320.54 SMI |p 005100040566 |q 005100040566 |t BK |y 0 | ||
| 901 | |a BIBL1-2008-1 | ||
| 909 | |a Λ |b 144082 | ||
| 922 | |a 1ΕΛΗ |b 200801 |c ΕΠΕΑΕΚ2/ΤΚΑ |d ΠΑΠΑΣΩΤΗΡΙΟΥ | ||
| 970 | |a ΧΑΤΖΗΜΙΧΑΗΛ |b ΜΑΡΙΑ |z 2008/03/20 | ||